Club Convergence of Labour Productivity in Agriculture: Evidence From EU Countries

Konvergencia vo vzťahu k produktivite práce v poľnohospodárskom priemysle 28 krajín Európskej únie na obdobie rokov 2005 až 2018. Skúmanie procesov konvergencie v kluboch krajín. Konvergenčné procesy prebiehajúce v skupinách krajín s nízkou a strednou úrovňou produktivity práce. V klube krajín, kde...

Ausführliche Beschreibung

Gespeichert in:
Bibliographische Detailangaben
1. Verfasser: Kijek, Arkadiusz
Weitere Verfasser: Kijek, Tomasz, Nowak, Anna
Format: Buchkapitel
Sprache:Englisch
Schlagworte:
Tags: Tag hinzufügen
Keine Tags, Fügen Sie das erste Tag hinzu!

MARC

LEADER 00000naa a2200000 4500
001 0268771
005 20200928150606.7
041 0 |a eng 
044 |a CZ 
245 1 0 |a Club Convergence of Labour Productivity in Agriculture: Evidence From EU Countries  |c Arkadiusz Kijek, Tomasz Kijek, Anna Nowak 
520 |a Konvergencia vo vzťahu k produktivite práce v poľnohospodárskom priemysle 28 krajín Európskej únie na obdobie rokov 2005 až 2018. Skúmanie procesov konvergencie v kluboch krajín. Konvergenčné procesy prebiehajúce v skupinách krajín s nízkou a strednou úrovňou produktivity práce. V klube krajín, kde bola vysoká produktivita práce, pozorované opačné procesy (divergencia). 
610 2 0 |a poľnohospodárstvo 
610 2 0 |a konvergencia 
610 2 0 |a Európska únia 
610 2 0 |a produktivita 
610 2 0 |a produktivita práce 
610 2 0 |a divergencia 
100 1 |a Kijek, Arkadiusz 
700 1 |a Kijek, Tomasz 
700 1 |a Nowak, Anna